| 000 | 00783nam a2200205Ia 4500 | ||
|---|---|---|---|
| 999 |
_c39324 _d39324 |
||
| 001 | 5910 | ||
| 003 | GE_BSU | ||
| 005 | 20190821112817.0 | ||
| 008 | 181216s1966||||ge |||||||||||||| ||geo|| | ||
| 040 | _cGE_BSU | ||
| 041 | _ageo | ||
| 080 | _a821.353.1-1 ა-13 | ||
| 100 |
_aაბაშიძე, გრიგოლ _91383 |
||
| 245 |
_aოქროს ვენახი : _bლექსები / _cგრიგოლ აბაშიძე ; რედ. რ. მარგიანი. |
||
| 264 |
_aთბილისი : _bლიტერატურა და ხელოვნება ; _c1966. |
||
| 300 |
_a83 გვ. ; _c20 სმ. |
||
| 653 | _aლექსები | ||
| 700 |
_aმარგიანი, რ. _eრედაქტორი _93672 |
||
| 942 |
_cBK _2udc |
||